| 000 | 00814na a2200265 4500 | ||
|---|---|---|---|
| 001 | 18745 | ||
| 003 | MIRAKIL | ||
| 005 | 20181213155044.0 | ||
| 008 | 161125b tu 000 0 | ||
| 020 | _a9789786053 | ||
| 040 |
_aMilas _btur _cTR-AnCHP |
||
| 041 | _atur | ||
| 082 |
_a818.42 _bT85e 2011 |
||
| 090 | _a818.42 T85e 2011 | ||
| 100 | _aTuncer, Abdullah Ahi | ||
| 245 |
_aErzincan'da yazdım _bKızılay'a Kızılaylılara ve Kızılay'ı sevenlere ithaf... |
||
| 246 | _aKızılay'a Kızılaylılara ve Kızılay'ı sevenlere ithaf... | ||
| 260 |
_aAnkara _bTürk Kızılayı _c2011 |
||
| 300 |
_a512 s. _c23 sm. |
||
| 490 | _aTürk Kızılayı Tarih Dizisi | ||
| 650 | _aErzincan depremi | ||
| 650 |
_aTuncer, Abdullah Ahi _xanılar |
||
| 650 |
_aTürk edebiyatı _xanı |
||
| 942 |
_2dcc _cBKS |
||
| 999 |
_c5707 _d5707 |
||